000 01058nmc a2200361 a 4500
003 AR-BaBNM
005 20251128204107.0
008 035019s1985 ||||||||||||||000 | spa||
020 _a950-25-0110-1
040 _cAR-BaBNM
100 1 _aBialet Massé, Juan
245 1 0 _aInforme sobre el estado de las clases obreras argentinas a comienzos del siglo 1
_bselección
260 _aBuenos Aires
_bCentro Editor de América Latina
_c1985
300 0 _a158 p.
490 0 _aBiblioteca política Argentina
_vv. 111
600 1 4 _aRoca, Julio Argentino
600 1 4 _aGonzález, Joaquín V.
_d1863-1923
600 1 4 _aValle Iberlucea, Enrique del
600 1 4 _aBunge, Augusto
_d1887-1948
600 1 4 _aUgarte, Manuel
600 1 4 _aLugones, Leopoldo
650 4 _aTRABAJADORES
650 4 _aCLASE BAJA
650 4 _aCONDICIONES DE TRABAJO
650 4 _aINMIGRACION
650 4 _aTRIBUTACION
650 4 _aDERECHO LABORAL
651 4 _aChaco
651 4 _aArgentina
800 1 _aTroncoso, Oscar
_edirector
942 _cBK
998 _cCarmen
999 _c6145
_d6145